Current-mode Vlsi Analog Filters: Design And Applications (Record no. 1139)
[ view plain ]
| 000 -LEADER | |
|---|---|
| Fixed length control field | 00460nam a2200169 4500 |
| 003 - CONTROL NUMBER IDENTIFIER | |
| Control field | SEACOMEC |
| 005 - DATE AND TIME OF LATEST TRANSACTION | |
| Control field | 20240517123317.0 |
| 008 - FIXED-LENGTH DATA ELEMENTS--GENERAL INFORMATION | |
| Fixed length control field | 240517b |||||||| |||| 00| 0 eng d |
| 020 ## - INTERNATIONAL STANDARD BOOK NUMBER / ISBN | |
| Price | Rs.595.00 |
| 040 ## - CATALOGING SOURCE | |
| Original cataloging agency | SEACOMEC |
| 082 ## - DEWEY DECIMAL CLASSIFICATION NUMBER | |
| Classification number | 621.395 |
| Book Number | B361 |
| 100 ## - MAIN ENTRY--PERSONAL NAME | |
| Personal name | Mohan ,Pv Ananda |
| 245 1# - TITLE STATEMENT | |
| Title | Current-mode Vlsi Analog Filters: Design And Applications |
| Statement of responsibility | P.V. Ananda Mohan |
| 260 ## - IMPRINT | |
| Place of publication | New Delhi |
| Name of publisher | Springer |
| Date of publication | 2004 |
| 650 ## - SUBJECT ADDED ENTRY--TOPICAL TERM | |
| Topical term | Electronics | |
| 942 ## - ADDED ENTRY ELEMENTS (KOHA) | |
| Koha item type | Books |
| Withdrawn status | Lost status | Source of classification | Damaged status | Not for loan | Home library | Current library | Date acquired | Total Checkouts | Call number | Accession number | Date last seen | Price effective from | Koha item type |
|---|---|---|---|---|---|---|---|---|---|---|---|---|---|
| Dewey Decimal Classification | SEACOM ENGINEERING COLLEGE | SEACOM ENGINEERING COLLEGE | 12/12/2007 | 621.395 B361 | 8901 | 17/05/2024 | 17/05/2024 | Books |
